000 00319nam a2200121Ia 4500
008 190216s9999||||xx |||||||||||||| ||und||
100 _aGurudeep Chatwal And Arora M
245 0 _aSynthetic Organic Chemistry
260 _bHimalaya Publishing House
_c1986
300 _a555p
650 _aChemistry-Chemistry
942 _cBK
999 _c2572
_d2572